| 000 | 00376nam a2200157 4500 | ||
|---|---|---|---|
| 001 | 16709 | ||
| 005 | 20230411085950.0 | ||
| 008 | 060907n1997 dr spa | ||
| 035 | _9funglode16843 | ||
| 041 | _aEN | ||
| 110 | _aUnited Nations | ||
| 245 | 1 | _aEconomic Indicators | |
| 260 |
_aSantiago : _bUnited Nations, _c1997 |
||
| 300 | _a105 p. | ||
| 942 |
_2lcc _cbk |
||
| 999 |
_c110128 _d110128 |
||